000
00329nam a2200145Ia 4500
008
230718s9999 xx 000 0 und d
041
_a
Eng.
082
_a
891.891
_b
QAZ-L
100
_a
Qazi Ahmed Mahmood
245
0
_a
Latini Kahaniya
260
_a
Pakistan
_b
Urdu bazar
_c
2015
300
_a
163
650
_a
Law
999
_c
31630
_d
31630